دراسات في تاريخ المرأة : (رقم التسجيلة. 50498)

تفاصيل مارك
000 -LEADER
fixed length control field 00524nam a22001577a 4500
005 - DATE AND TIME OF LATEST TRANSACTION
control field 20251108170841.0
008 - FIXED-LENGTH DATA ELEMENTS--GENERAL INFORMATION
fixed length control field 250721s1998 xx 000 0 ara d
082 14 - DEWEY DECIMAL CLASSIFICATION NUMBER
Classification number 301,412/ابر
100 1# - MAIN ENTRY--PERSONAL NAME
Personal name إبراهيم، ناجيه عبد الله
245 10 - TITLE STATEMENT
Title دراسات في تاريخ المرأة :
Remainder of title ثقافة المرأة في نيسابور /
264 1# - PRODUCTION, PUBLICATION, DISTRIBUTION, MANUFACTURE, AND COPYRIGHT NOTICE
Place of production, publication, distribution, manufacture عمان :
Name of producer, publisher, distributor, manufacturer مؤسسة البلسم للنشر والتوزيع،
Date of production, publication, distribution, manufacture, or copyright notice 1998.
300 ## - PHYSICAL DESCRIPTION
Extent 195ص
650 17 - SUBJECT ADDED ENTRY--TOPICAL TERM
Topical term or geographic name as entry element المرأة
942 ## - ADDED ENTRY ELEMENTS (KOHA)
Source of classification or shelving scheme Dewey Decimal Classification
Koha item type كتب
المقتنيات
حالة السحب حالة الفقدان مصدر التصنيف حالة التلف غير قابل للإعارة المكتبة الرئيسية المكتبة الحالية موقع الرف تاريخ التزويد الرقم المتسلسل Total Checkouts رقم الإستدعاء تاريخ آخر ظهور تاريخ الفاتورة نوع المادة (كوها) الباركود
    Dewey Decimal Classification     مكتبة الأميرة ايمان العامة مكتبة الأميرة ايمان العامة الإعارة 24/09/2013 [11154]   301,412/ابر 28/07/2025 24/09/2013 كتب PLD00279671
    Dewey Decimal Classification Unchecked   مكتبة الاميرة بديعة مكتبة الاميرة بديعة الإعارة 06/07/2004 6891   301,412/ابر 28/07/2025 06/07/2004 كتب  
    Dewey Decimal Classification     مكتبة صويلح العامة مكتبة صويلح العامة الإعارة 22/02/2016 [14088   301,412/ابر 28/07/2025 22/02/2016 كتب PLD00375558
    Dewey Decimal Classification     مكتبة وادي السير العامة مكتبة وادي السير العامة الإعارة 21/03/2016 [7782]   301,412/ابر 28/07/2025 21/03/2016 كتب PLD00381414
Implemented & Customized by: BBB with SCIT (Smart Chains for Information Technology)

Powered by Koha